000
00414nam a22001337a 4500
003
SGT
020
_a
9789355620514
082
_a
920
_b
D22M
100
_a
मनोजकांत
245
_a
ध्येय यात्रा : अखिल भारतीय विद्यार्थी परिषद्
260
_b
प्रभात प्रकाशन
_c
2022
300
_a
390
942
_2
ddc
_c
BK
999
_c
28356
_d
28356